Teaching young adolescents : (Record no. 5069)
[ view plain ]
| 000 -LEADER | |
|---|---|
| fixed length control field | 00932cam a2200253 a 4500 |
| 001 - CONTROL NUMBER | |
| control field | 12591271 |
| 005 - DATE AND TIME OF LATEST TRANSACTION | |
| control field | 20250322105624.0 |
| 008 - FIXED-LENGTH DATA ELEMENTS--GENERAL INFORMATION | |
| fixed length control field | 011116s2003 njua b 001 0 eng |
| 020 ## - INTERNATIONAL STANDARD BOOK NUMBER | |
| International Standard Book Number | 0130617083 (pbk.) |
| 020 ## - INTERNATIONAL STANDARD BOOK NUMBER | |
| International Standard Book Number | 9780130617088 |
| 050 00 - LIBRARY OF CONGRESS CALL NUMBER | |
| Classification number | LB1737.5.U6 |
| Item number | K45 2003 |
| 082 00 - DEWEY DECIMAL CLASSIFICATION NUMBER | |
| Classification number | 373.236/0973 |
| Edition information | 21 |
| 100 1# - MAIN ENTRY--PERSONAL NAME | |
| Personal name | Kellough, Richard D. |
| Fuller form of name | (Richard Dean) |
| 245 10 - TITLE STATEMENT | |
| Title | Teaching young adolescents : |
| Remainder of title | a guide to methods and resources / |
| Statement of responsibility, etc. | Richard D. Kellough, Noreen G. Kellough. |
| 250 ## - EDITION STATEMENT | |
| Edition statement | 4th ed. |
| 260 ## - PUBLICATION, DISTRIBUTION, ETC. | |
| Place of publication, distribution, etc. | Upper Saddle River, N.J. : |
| Name of publisher, distributor, etc. | Merrill/Prentice Hall, |
| Date of publication, distribution, etc. | c2003. |
| 300 ## - PHYSICAL DESCRIPTION | |
| Extent | xx, 427 p. : |
| Other physical details | ill. ; |
| Dimensions | 28 cm. |
| 500 ## - GENERAL NOTE | |
| General note | Rev. ed. of: Middle school teaching. 3rd ed. c1999. |
| 650 #0 - SUBJECT ADDED ENTRY--TOPICAL TERM | |
| Topical term or geographic name entry element | Middle school teaching |
| Geographic subdivision | United States. |
| 650 #0 - SUBJECT ADDED ENTRY--TOPICAL TERM | |
| Topical term or geographic name entry element | Middle schools |
| Geographic subdivision | United States. |
| 700 1# - ADDED ENTRY--PERSONAL NAME | |
| Personal name | Kellough, Noreen G. |
| 700 1# - ADDED ENTRY--PERSONAL NAME | |
| Personal name | Kellough, Richard D. |
| Fuller form of name | (Richard Dean) |
| Title of a work | Middle school teaching. |
| 942 ## - ADDED ENTRY ELEMENTS (KOHA) | |
| Source of classification or shelving scheme | Library of Congress Classification |
| Koha item type | Books |
| Edition | 4th Ed. |
| Suppress in OPAC | No |
| 999 ## - | |
| -- | 5069 |
| -- | 5069 |
| Withdrawn status | Lost status | Source of classification or shelving scheme | Damaged status | Not for loan | Collection | Home library | Current library | Shelving location | Date acquired | Total checkouts | Full call number | Barcode | Date last seen | Copy number | Price effective from | Koha item type |
|---|---|---|---|---|---|---|---|---|---|---|---|---|---|---|---|---|
| Library of Congress Classification | Non-fiction | Business Library (Miotso) | Business Library (Miotso) | General stacks | 03/22/2025 | LB1737.5.U6 K45 2003 | BSSM00001504 | 03/22/2025 | 1 | 03/22/2025 | Books |